Los tres pececitos y el tiburón feroz / (Record no. 177706)

MARC details
000 -CABECERA
campo de control de longitud fija 00806nam a2200241 u 4500
005 - FECHA Y HORA DE LA ÚLTIMA TRANSACCIÓN
campo de control 20220916063538.0
008 - ELEMENTOS DE LONGITUD FIJA--INFORMACIÓN GENERAL
campo de control de longitud fija 150903s2007 r 000 0 eng d
020 ## - NÚMERO INTERNACIONAL NORMALIZADO PARA LIBROS
Número Internacional Estándar del Libro 9780545033114 (13 dígitos)
020 ## - NÚMERO INTERNACIONAL NORMALIZADO PARA LIBROS
Número Internacional Estándar del Libro 054503311X (10 dígitos)
035 ## - NÚMERO DE CONTROL DEL SISTEMA
Número de control de sistema UPN01000205605
049 ## - COLECCIÓN
Colección I
050 #4 - SIGNATURA TOPOGRÁFICA DE LA BIBLIOTECA DEL CONGRESO
Número de clasificación PZ10.3
Número de documento/Ítem G4.7
100 1# - ASIENTO PRINCIPAL--NOMBRE PERSONAL
Nombre de persona Geist, Ken
9 (RLIN) 38064
245 14 - MENCIÓN DE TÍTULO
Título Los tres pececitos y el tiburón feroz /
Mención de responsabilidad, etc. Ken Geist ; il. por Julia Carton.
260 ## - PUBLICACIÓN, DISTRIBUCIÓN, ETC.
Lugar de publicación, distribución, etc. New York, USA :
Nombre del editor, distribuidor, etc. Scholastic,
Fecha de publicación, distribución, etc. 2007.
300 ## - DESCRIPCIÓN FÍSICA
Extensión [30] p. :
Otras características físicas il. col.
534 ## - NOTA SOBRE LA VERSIÓN ORIGINAL
Frase introductoria Titulo original:
Mención de título del original The three little fish and the big bad shark
650 #0 - ASIENTO SECUNDARIO DE MATERIA - TERMINO TEMATICO
Término de materia o nombre geográfico como elemento de entrada Animales
Subdivisión de forma Cuentos y leyendas
9 (RLIN) 234
650 #4 - ASIENTO SECUNDARIO DE MATERIA - TERMINO TEMATICO
Término de materia o nombre geográfico como elemento de entrada PECES -
Subdivisión de forma LITERATURA INFANTIL
9 (RLIN) 23472
650 #7 - ASIENTO SECUNDARIO DE MATERIA - TERMINO TEMATICO
Término de materia o nombre geográfico como elemento de entrada Literatura infantil estadounidense
Fuente del encabezamiento o término
9 (RLIN) 9173
905 ## - TIPO DE MATERIAL
Tipo de material Infantil
Holdings
Estado de retiro Estado de pérdida Fuente del sistema de clasificación o colocación Estado dañado No para préstamo Código de colección Localización permanente Ubicación/localización actual Ubicación en estantería Fecha de adquisición Total de préstamos Clasificación Código de barras Fecha visto por última vez Fecha del último préstamo Número de copia Tipo de ítem Koha
    Library of Congress Classification     Infantil Bib. Gregorio Torres Quintero Bib. Gregorio Torres Quintero Sala infantil Planta baja 23/01/2023 5 PZ10.3 G4.7 306444 08/02/2023 24/01/2023 1 Libro